Can you guess the almost monday song? - Statistics

General Stats
  • This quiz has been taken 7 times
  • The average score is 165 of 289
Answer Stats
Answer % Correct
A
100%
a
100%
come
100%
do
100%
I
100%
in
100%
it
100%
on
100%
the
100%
The
100%
you
100%
are
80%
be
80%
Be
80%
don't
80%
for
80%
into
80%
me
80%
so
80%
we
80%
your
80%
Your
80%
after
60%
ain't
60%
Am
60%
am
60%
but
60%
car
60%
cool
60%
Cool
60%
description
60%
dumb
60%
enough
60%
enough?
60%
fit
60%
flex
60%
Get
60%
getting
60%
hair
60%
Here
60%
here
60%
if
60%
internet
60%
lights
60%
like
60%
look
60%
love?
60%
midnight
60%
nobody
60%
of
60%
part
60%
picture
60%
playing
60%
put
60%
right
60%
Silhouettes
60%
Somebody
60%
Sorry
60%
they
60%
tight
60%
To
60%
to
60%
wanna
60%
you're
60%
and
40%
clique's
40%
down
40%
friends
40%
it's
40%
Make
40%
nice
40%
spotlight
40%
Summer
40%
summer
40%
tell
40%
through
40%
way
40%
affection
20%
bill
20%
bright
20%
Burning
20%
collection
20%
Coming
20%
complexion
20%
crowd
20%
digital
20%
dollar
20%
feeling
20%
Give
20%
Got
20%
hundred
20%
infection
20%
lost
20%
loud
20%
million
20%
never
20%
really
20%
Talking
20%
That
20%
ahead
0%
attention
0%
clouds
0%
connection
0%
direction
0%
from
0%
Listen
0%
Loss
0%
message
0%
miss
0%
now
0%
receive
0%
someone
0%
sound
0%
Took
0%
trying
0%
while
0%
yourself
0%
No matching quizzes found
Score Distribution
Percent of People with Each Score
Percentile by Number Answered
Your Score History
You have not taken this quiz